<?xml version="1.0" encoding="UTF-8"?>
<record
    xmlns:xsi="http://www.w3.org/2001/XMLSchema-instance"
    xsi:schemaLocation="http://www.loc.gov/MARC21/slim http://www.loc.gov/standards/marcxml/schema/MARC21slim.xsd"
    xmlns="http://www.loc.gov/MARC21/slim">

  <leader>02897nam a2200241   4500</leader>
  <controlfield tag="003">NALT</controlfield>
  <controlfield tag="005">20250902141022.0</controlfield>
  <controlfield tag="008">241113b        th ||||| |||| 00| 0 tha d</controlfield>
  <datafield tag="040" ind1=" " ind2=" ">
    <subfield code="a">NALT</subfield>
  </datafield>
  <datafield tag="086" ind1=" " ind2=" ">
    <subfield code="a">&#xE2A;&#xE27; 09 7.3 339.43 2562</subfield>
  </datafield>
  <datafield tag="110" ind1="2" ind2=" ">
    <subfield code="a">&#xE2A;&#xE33;&#xE19;&#xE31;&#xE01;&#xE07;&#xE32;&#xE19;&#xE40;&#xE25;&#xE02;&#xE32;&#xE18;&#xE34;&#xE01;&#xE32;&#xE23;&#xE27;&#xE38;&#xE12;&#xE34;&#xE2A;&#xE20;&#xE32;.</subfield>
    <subfield code="b">&#xE2A;&#xE33;&#xE19;&#xE31;&#xE01;&#xE01;&#xE23;&#xE23;&#xE21;&#xE32;&#xE18;&#xE34;&#xE01;&#xE32;&#xE23; 1</subfield>
    <subfield code="9">2441</subfield>
  </datafield>
  <datafield tag="245" ind1="1" ind2="0">
    <subfield code="a">&#xE23;&#xE32;&#xE22;&#xE07;&#xE32;&#xE19;&#xE01;&#xE32;&#xE23;&#xE1E;&#xE34;&#xE08;&#xE32;&#xE23;&#xE13;&#xE32;&#xE28;&#xE36;&#xE01;&#xE29;&#xE32; &#xE40;&#xE23;&#xE37;&#xE48;&#xE2D;&#xE07; &#xE23;&#xE32;&#xE22;&#xE07;&#xE32;&#xE19;&#xE1B;&#xE23;&#xE30;&#xE08;&#xE33;&#xE1B;&#xE35; 2562 &#xE02;&#xE2D;&#xE07;&#xE01;&#xE2D;&#xE07;&#xE17;&#xE38;&#xE19;&#xE01;&#xE32;&#xE23;&#xE2D;&#xE2D;&#xE21;&#xE41;&#xE2B;&#xE48;&#xE07;&#xE0A;&#xE32;&#xE15;&#xE34; &#xE02;&#xE2D;&#xE07;&#xE04;&#xE13;&#xE30;&#xE01;&#xE23;&#xE23;&#xE21;&#xE32;&#xE18;&#xE34;&#xE01;&#xE32;&#xE23;&#xE01;&#xE32;&#xE23;&#xE40;&#xE28;&#xE23;&#xE29;&#xE10;&#xE01;&#xE34;&#xE08; &#xE01;&#xE32;&#xE23;&#xE40;&#xE07;&#xE34;&#xE19; &#xE41;&#xE25;&#xE30;&#xE01;&#xE32;&#xE23;&#xE04;&#xE25;&#xE31;&#xE07; &#xE27;&#xE38;&#xE12;&#xE34;&#xE2A;&#xE20;&#xE32; /</subfield>
    <subfield code="c">&#xE2A;&#xE33;&#xE19;&#xE31;&#xE01;&#xE01;&#xE23;&#xE23;&#xE21;&#xE32;&#xE18;&#xE34;&#xE01;&#xE32;&#xE23; 1 &#xE2A;&#xE33;&#xE19;&#xE31;&#xE01;&#xE07;&#xE32;&#xE19;&#xE40;&#xE25;&#xE02;&#xE32;&#xE18;&#xE34;&#xE01;&#xE32;&#xE23;&#xE27;&#xE38;&#xE12;&#xE34;&#xE2A;&#xE20;&#xE32;.</subfield>
  </datafield>
  <datafield tag="260" ind1=" " ind2=" ">
    <subfield code="a">&#xE01;&#xE23;&#xE38;&#xE07;&#xE40;&#xE17;&#xE1E;&#xE2F; : </subfield>
    <subfield code="b">&#xE2A;&#xE33;&#xE19;&#xE31;&#xE01;&#xE07;&#xE32;&#xE19;&#xE40;&#xE25;&#xE02;&#xE32;&#xE18;&#xE34;&#xE01;&#xE32;&#xE23;&#xE27;&#xE38;&#xE12;&#xE34;&#xE2A;&#xE20;&#xE32;,</subfield>
    <subfield code="c">2564</subfield>
  </datafield>
  <datafield tag="300" ind1=" " ind2=" ">
    <subfield code="a">38 &#xE2B;&#xE19;&#xE49;&#xE32; :</subfield>
    <subfield code="b">&#xE15;&#xE32;&#xE23;&#xE32;&#xE07; ;</subfield>
    <subfield code="c">30 &#xE0B;&#xE21;.</subfield>
  </datafield>
  <datafield tag="505" ind1="2" ind2=" ">
    <subfield code="a">1. &#xE01;&#xE32;&#xE23;&#xE40;&#xE2A;&#xE19;&#xE2D;&#xE23;&#xE32;&#xE22;&#xE07;&#xE32;&#xE19;&#xE01;&#xE32;&#xE23;&#xE1E;&#xE34;&#xE08;&#xE32;&#xE23;&#xE13;&#xE32;&#xE28;&#xE36;&#xE01;&#xE29;&#xE32;&#xE23;&#xE32;&#xE22;&#xE07;&#xE32;&#xE19;&#xE1B;&#xE23;&#xE30;&#xE08;&#xE33;&#xE1B;&#xE35; 2562 &#xE02;&#xE2D;&#xE07;&#xE01;&#xE2D;&#xE07;&#xE17;&#xE38;&#xE19;&#xE01;&#xE32;&#xE23;&#xE2D;&#xE2D;&#xE21;&#xE41;&#xE2B;&#xE48;&#xE07;&#xE0A;&#xE32;&#xE15;&#xE34; --
2. &#xE02;&#xE49;&#xE2D;&#xE21;&#xE39;&#xE25;&#xE17;&#xE31;&#xE48;&#xE27;&#xE44;&#xE1B;&#xE40;&#xE01;&#xE35;&#xE48;&#xE22;&#xE27;&#xE01;&#xE31;&#xE1A; &#xE01;&#xE2D;&#xE0A;. --
3. &#xE01;&#xE32;&#xE23;&#xE14;&#xE33;&#xE40;&#xE19;&#xE34;&#xE19;&#xE07;&#xE32;&#xE19;&#xE15;&#xE32;&#xE21;&#xE22;&#xE38;&#xE17;&#xE18;&#xE28;&#xE32;&#xE2A;&#xE15;&#xE23;&#xE4C;&#xE1B;&#xE35; 2562 &#xE02;&#xE2D;&#xE07;&#xE01;&#xE2D;&#xE07;&#xE17;&#xE38;&#xE19;&#xE01;&#xE32;&#xE23;&#xE2D;&#xE2D;&#xE21;&#xE41;&#xE2B;&#xE48;&#xE07;&#xE0A;&#xE32;&#xE15;&#xE34; --
4. &#xE1C;&#xE25;&#xE01;&#xE32;&#xE23;&#xE14;&#xE33;&#xE40;&#xE19;&#xE34;&#xE19;&#xE07;&#xE32;&#xE19;&#xE17;&#xE32;&#xE07;&#xE01;&#xE32;&#xE23;&#xE40;&#xE07;&#xE34;&#xE19;&#xE02;&#xE2D;&#xE07;&#xE01;&#xE2D;&#xE07;&#xE17;&#xE38;&#xE19;&#xE01;&#xE32;&#xE23;&#xE2D;&#xE2D;&#xE21;&#xE41;&#xE2B;&#xE48;&#xE07;&#xE0A;&#xE32;&#xE15;&#xE34;&#xE43;&#xE19;&#xE1B;&#xE35; 2562 -- 
5. &#xE41;&#xE1C;&#xE19;&#xE01;&#xE32;&#xE23;&#xE14;&#xE33;&#xE40;&#xE19;&#xE34;&#xE19;&#xE07;&#xE32;&#xE19;&#xE43;&#xE19;&#xE1B;&#xE35; 2563 &#xE41;&#xE25;&#xE30;&#xE1B;&#xE23;&#xE30;&#xE21;&#xE32;&#xE13;&#xE01;&#xE32;&#xE23;&#xE23;&#xE32;&#xE22;&#xE23;&#xE31;&#xE1A;&#xE17;&#xE35;&#xE48;&#xE02;&#xE2D;&#xE08;&#xE31;&#xE14;&#xE2A;&#xE23;&#xE23;&#xE08;&#xE32;&#xE01;&#xE23;&#xE31;&#xE10;&#xE1A;&#xE32;&#xE25;&#xE2A;&#xE33;&#xE2B;&#xE23;&#xE31;&#xE1A;&#xE1B;&#xE35; 2564 - 2566 --
&#xE38;6. &#xE02;&#xE49;&#xE2D;&#xE2A;&#xE31;&#xE07;&#xE40;&#xE01;&#xE15;&#xE41;&#xE25;&#xE30;&#xE02;&#xE49;&#xE2D;&#xE40;&#xE2A;&#xE19;&#xE2D;&#xE41;&#xE19;&#xE30;&#xE02;&#xE2D;&#xE07;&#xE04;&#xE13;&#xE30;&#xE2D;&#xE19;&#xE38;&#xE01;&#xE23;&#xE23;&#xE21;&#xE32;&#xE18;&#xE34;&#xE01;&#xE32;&#xE23;&#xE14;&#xE49;&#xE32;&#xE19;&#xE01;&#xE32;&#xE23;&#xE04;&#xE25;&#xE31;&#xE07; &#xE43;&#xE19;&#xE04;&#xE13;&#xE30;&#xE01;&#xE23;&#xE23;&#xE21;&#xE32;&#xE18;&#xE34;&#xE01;&#xE32;&#xE23;&#xE01;&#xE32;&#xE23;&#xE40;&#xE28;&#xE23;&#xE29;&#xE10;&#xE01;&#xE34;&#xE08;&#xE01;&#xE32;&#xE23;&#xE40;&#xE07;&#xE34;&#xE19; &#xE41;&#xE25;&#xE30;&#xE01;&#xE32;&#xE23;&#xE04;&#xE25;&#xE31;&#xE07; &#xE27;&#xE38;&#xE12;&#xE34;&#xE2A;&#xE20;&#xE32;.</subfield>
  </datafield>
  <datafield tag="610" ind1="2" ind2="4">
    <subfield code="a">&#xE04;&#xE13;&#xE30;&#xE01;&#xE23;&#xE23;&#xE21;&#xE32;&#xE18;&#xE34;&#xE01;&#xE32;&#xE23;&#xE01;&#xE32;&#xE23;&#xE40;&#xE28;&#xE23;&#xE29;&#xE10;&#xE01;&#xE34;&#xE08; &#xE01;&#xE32;&#xE23;&#xE40;&#xE07;&#xE34;&#xE19; &#xE41;&#xE25;&#xE30;&#xE01;&#xE32;&#xE23;&#xE04;&#xE25;&#xE31;&#xE07; &#xE27;&#xE38;&#xE12;&#xE34;&#xE2A;&#xE20;&#xE32;</subfield>
    <subfield code="x">&#xE23;&#xE32;&#xE22;&#xE07;&#xE32;&#xE19;</subfield>
    <subfield code="9">46950</subfield>
  </datafield>
  <datafield tag="650" ind1=" " ind2="4">
    <subfield code="a">&#xE01;&#xE2D;&#xE07;&#xE17;&#xE38;&#xE19;&#xE01;&#xE32;&#xE23;&#xE2D;&#xE2D;&#xE21;&#xE41;&#xE2B;&#xE48;&#xE07;&#xE0A;&#xE32;&#xE15;&#xE34; </subfield>
    <subfield code="x">&#xE1C;&#xE25;&#xE07;&#xE32;&#xE19; </subfield>
    <subfield code="y">2562</subfield>
    <subfield code="9">66542</subfield>
  </datafield>
  <datafield tag="710" ind1="2" ind2=" ">
    <subfield code="a">&#xE04;&#xE13;&#xE30;&#xE01;&#xE23;&#xE23;&#xE21;&#xE32;&#xE18;&#xE34;&#xE01;&#xE32;&#xE23;&#xE01;&#xE32;&#xE23;&#xE40;&#xE28;&#xE23;&#xE29;&#xE10;&#xE01;&#xE34;&#xE08; &#xE01;&#xE32;&#xE23;&#xE40;&#xE07;&#xE34;&#xE19; &#xE41;&#xE25;&#xE30;&#xE01;&#xE32;&#xE23;&#xE04;&#xE25;&#xE31;&#xE07; &#xE27;&#xE38;&#xE12;&#xE34;&#xE2A;&#xE20;&#xE32;.</subfield>
    <subfield code="9">47155</subfield>
  </datafield>
  <datafield tag="942" ind1=" " ind2=" ">
    <subfield code="2">local</subfield>
    <subfield code="c">PAR</subfield>
  </datafield>
  <datafield tag="996" ind1=" " ind2=" ">
    <subfield code="a">kanyakorn.i</subfield>
    <subfield code="b">LIBSTF</subfield>
    <subfield code="c">2024-11-13</subfield>
  </datafield>
  <datafield tag="996" ind1=" " ind2=" ">
    <subfield code="a">jamriang.p</subfield>
    <subfield code="b">CATSTF	</subfield>
    <subfield code="c">2024-11-25</subfield>
  </datafield>
  <datafield tag="999" ind1=" " ind2=" ">
    <subfield code="c">106097</subfield>
    <subfield code="d">106097</subfield>
  </datafield>
  <datafield tag="998" ind1=" " ind2=" ">
    <subfield code="j">1020</subfield>
    <subfield code="k"> &#xE19;&#xE32;&#xE07;&#xE08;&#xE33;&#xE40;&#xE23;&#xE35;&#xE22;&#xE07;  &#xE23;&#xE30;&#xE27;&#xE31;&#xE07;&#xE2A;&#xE33;&#xE42;&#xE23;&#xE07;</subfield>
  </datafield>
  <datafield tag="952" ind1=" " ind2=" ">
    <subfield code="0">0</subfield>
    <subfield code="1">0</subfield>
    <subfield code="2">local</subfield>
    <subfield code="4">0</subfield>
    <subfield code="7">0</subfield>
    <subfield code="8">CPARPUB</subfield>
    <subfield code="a">NALT</subfield>
    <subfield code="b">NALT</subfield>
    <subfield code="c">PARPUB</subfield>
    <subfield code="d">2024-11-15</subfield>
    <subfield code="l">0</subfield>
    <subfield code="o">&#xE2A;&#xE27; 09 7.3 339.43 2562</subfield>
    <subfield code="p">3961214702</subfield>
    <subfield code="r">2024-11-15 00:00:00</subfield>
    <subfield code="w">2024-11-15</subfield>
    <subfield code="y">PAR</subfield>
  </datafield>
</record>
